| 000 | 00804nam a2200289Ia 4500 | ||
|---|---|---|---|
| 001 | Z_4440 | ||
| 003 | CHAP | ||
| 008 | 220113s1981 xx 000 0 und d | ||
| 010 | _a167510 | ||
| 040 | _cCHAP | ||
| 082 | _a636.081 H3 | ||
| 100 |
_aHall, J M _952329 |
||
| 245 |
_aEstabulación de terneros en régimen libre / _cpor J. M. Hall y R. Sansoucy |
||
| 260 |
_aRoma : _bFAO, _c1981 |
||
| 300 | _a133 p. ; ilus | ||
| 440 |
_aFAO. Producción y Sanidad animal ; 16 _9141738 |
||
| 500 | _a | ||
| 503 | _a | ||
| 650 |
_aBecerros _xAlojamiento _9141739 |
||
| 650 |
_aEstablos _xDiseños y planos I. Sansoucy, R II. FAO III. FAO. Producción y sanidad animal ; 16 _9141740 |
||
| 901 | _a636.081 H3 | ||
| 902 | _aA | ||
| 910 | _a1981 | ||
| 942 | _c1 | ||
| 942 | _cc1 | ||
| 999 |
_c167510 _d167510 |
||